Countries Furthest from the Equator - Statistics

General Stats
  • This quiz has been taken 153 times
  • The average score is 18 of 20
Answer Stats
Distance in km Country % Correct
6024 Denmark
99%
7014 Iceland
99%
6431 Norway
99%
6120 Sweden
99%
6596 Finland
96%
5493 United Kingdom
96%
6354 Estonia
94%
6141 Latvia
93%
5681 Ireland
92%
5935 Lithuania
92%
5625 Netherlands
92%
5463 Belgium
90%
5430 Poland
90%
5669 Belarus
89%
5226 Germany
89%
5460 Luxembourg
86%
5355 Czech Republic
85%
5122 Austria
83%
5256 Slovakia
81%
5211 Liechtenstein
79%
No matching quizzes found
Score Distribution
Percent of People with Each Score
Percentile by Number Answered
Your Score History
You have not taken this quiz